Ako odschránkovať republiku

Kauza predraženého nákupu CT prístroja pre piešťanskú nemocnicu. Príprava zákona, ktorý by mal znemožniť ďalšie obchody štátu so schránkovými firmami. Čo je schránková firma. Novela zákona o verejnom obstarávaní zatiaľ nepodpísaná. Pochybné rozhodnutia súdov.

Salvato in:
Dettagli Bibliografici
Autore principale: Leško, Marián
Natura: Capitolo di libro
Lingua:slovacco
Soggetti:
Tags: Aggiungi Tag
Nessun Tag, puoi essere il primo ad aggiungerne!!

MARC

LEADER 00000naa a2200000 4500
001 0208128
005 20231113104021.0
041 0 |a slo 
044 |a SK 
245 1 0 |a Ako odschránkovať republiku  |c Marián Leško 
520 |a Kauza predraženého nákupu CT prístroja pre piešťanskú nemocnicu. Príprava zákona, ktorý by mal znemožniť ďalšie obchody štátu so schránkovými firmami. Čo je schránková firma. Novela zákona o verejnom obstarávaní zatiaľ nepodpísaná. Pochybné rozhodnutia súdov. 
610 2 0 |a obstarávanie verejné 
610 2 0 |a tender 
610 2 0 |a firmy 
610 2 0 |a raje daňové 
610 2 0 |a legislatíva 
610 2 0 |a právo obchodné 
610 2 0 |a súdy 
610 2 0 |a Slovensko 
100 1 |a Leško, Marián